| 000 | 00000nam##2200000za#4500 |
| 001 | 9.698439 |
| 003 | CaOODSP |
| 005 | 20210624235928 |
| 007 | cr ||||||||||| |
| 008 | 150407|1997||||xxc|||||o f|0| 0 eng|d |
| 040 | |aCaOODSP|beng |
| 043 | |an-cn--- |
| 086 | 1 |aE100-2/4-96-1904-03E-PDF |
| 110 | 2 |aNAFTA Secretariat. |
| 245 | 10|aReview of the final antidumping duty determination in the matter of hot rolled steel sheet originating in and exported from Canada : |h[electronic resource]|bfinal decision (courtesy translation) |
| 260 | |aOttawa - Ontario : |bNAFTA Secretariat |cJune 16, 1997. |
| 300 | |a47p.|breferences |
| 590 | |a13-21-Supp|b2013-09-16 |
| 690 | 07|aAnti-dumping|2gcpds |
| 690 | 07|aArbitration|2gcpds |
| 690 | 07|aFree trade|2gcpds |
| 690 | 07|aSteel|2gcpds |
| 775 | 08|tRévision de la décision définitive de l'enquête antidumping sur les importations d'acier laminé à chaud originaires et en provenance du Canada : |w(CaOODSP)9.642446 |
| 856 | 40|ahttp://publications.gc.ca|qPDF|s117 KB|uhttps://publications.gc.ca/collections/Collection/E100-2-4-96-1904-03E.pdf |
| 986 | |aMEX-96-1904-03 |